[Event "Tenerife-chT Primera"]
[Site "Tenerife"]
[Date "2023.02.04"]
[Round "4.1"]
[White "Ritz, Olaf"]
[Black "Buiza Prieto, Aizbeltz"]
[Result "1/2-1/2"]
[WhiteElo "2062"]
[BlackElo "2069"]
[PlyCount "45"]
[EventDate "2023.01.14"]
[EventType "team-tourn"]
[EventRounds "14"]
[EventCountry "ESP"]
[SourceTitle "EXT 2024"]
[Source "ChessBase"]
[SourceDate "2023.10.10"]
[SourceVersion "1"]
[SourceVersionDate "2023.10.10"]
[SourceQuality "1"]
[WhiteTeam "La Victoria 94"]
[BlackTeam "Ebano Barrio Nuevo II"]
[WhiteTeamCountry "ESP"]
[BlackTeamCountry "ESP"]

1. e4 c5 2. c3 e5 3. Nf3 Nc6 4. Bb5 Qc7 5. 0-0 Nf6 6. Re1 Be7 7. d4 cxd4 8. cxd4 exd4 9. Nbd2 0-0 10. Nb3 g6 11. Bd3 d5 12. exd5 Nb4 13. Nbxd4 Rd8 14. Bf4 Qxf4 15. Rxe7 Nbxd5 16. g3 Qd6 17. Re1 Qb6 18. Qb3 Qxb3 19. axb3 Bg4 20. Bc4 Nb6 21. Re7 Nxc4 22. bxc4 Rd7 23. Rxd7 1/2-1/2

[Event "San Cristobal de La Laguna op 4th"]
[Site "San Cristobal de La Laguna"]
[Date "2022.08.29"]
[Round "4"]
[White "Strikovic, Aleksa"]
[Black "Buiza Prieto, Aizbeltz"]
[Result "1-0"]
[WhiteElo "2484"]
[BlackElo "2066"]
[PlyCount "63"]
[EventDate "2022.08.27"]
[EventType "swiss"]
[EventRounds "9"]
[EventCountry "ESP"]
[SourceTitle "CBM 210 Extra"]
[Source "ChessBase"]
[SourceDate "2022.11.30"]
[SourceVersion "1"]
[SourceVersionDate "2022.11.30"]
[SourceQuality "1"]

1. c4 e6 2. Nf3 Nf6 3. b3 d5 4. Bb2 Be7 5. e3 0-0 6. Nc3 c5 7. cxd5 exd5 8. d4 Nc6 9. Be2 Bg4 10. dxc5 Bxc5 11. 0-0 Qd7 12. Rc1 Be7 13. Nb5 Rad8 14. Nbd4 Qd6 15. Nxc6 bxc6 16. Qc2 c5 17. Ng5 g6 18. Bxf6 Qxf6 19. Nxh7 Kxh7 20. Bxg4 Qe5 21. Rfe1 Bd6 22. g3 Rfe8 23. Rcd1 Bf8 24. f4 Qe4 25. Qxe4 dxe4 26. Bd7 Re7 27. Bb5 Rxd1 28. Rxd1 Rc7 29. Bc4 Kg7 30. g4 Kf6 31. Rd5 Rc6 32. Rd7 1-0

[Event "Getxo Semana Santa U2200 op 1st"]
[Site "Getxo"]
[Date "2019.04.22"]
[Round "1"]
[White "Buiza Prieto, Aizbeltz"]
[Black "Estevez Iglesias, Antonio"]
[Result "1-0"]
[WhiteElo "2046"]
[BlackElo "1598"]
[PlyCount "91"]
[EventDate "2019.04.22"]
[EventType "swiss"]
[EventRounds "7"]
[EventCountry "ESP"]
[SourceTitle "EXT 2024"]
[Source "ChessBase"]
[SourceDate "2023.10.10"]
[SourceVersion "1"]
[SourceVersionDate "2023.10.10"]
[SourceQuality "1"]

1. e4 c5 2. Nf3 e6 3. d4 cxd4 4. Nxd4 a6 5. Nc3 Qc7 6. g3 Bb4 7. Nde2 Nc6 8. Bg2 Nf6 9. 0-0 0-0 10. a3 Be7 11. h3 Rb8 12. g4 b5 13. g5 Ne8 14. Ng3 Bb7 15. Nce2 Na5 16. f4 Nc4 17. Qd3 Nb6 18. Nd4 Qc4 19. Qd1 d5 20. e5 Rc8 21. Nge2 Nd7 22. b3 Qc7 23. Bb2 Nc5 24. h4 g6 25. Kh2 Ng7 26. Bh3 Ne4 27. Qd3 Rfe8 28. Bg4 Ba8 29. Kg2 Bc5 30. Rh1 Nf5 31. Bxf5 exf5 32. h5 Bxd4 33. Nxd4 Nc5 34. Qd2 Ne6 35. Rac1 Qc5 36. hxg6 fxg6 37. Kg3 Qc7 38. Rh2 Re7 39. Rch1 Nxd4 40. Bxd4 a5 41. e6 Rxe6 42. Rxh7 Qxh7 43. Rxh7 Kxh7 44. Qh2+ Kg8 45. Qh8+ Kf7 46. Qxc8 1-0

[Event "Iberoamerican-ch 6th"]
[Site "Bilbao"]
[Date "2015.10.26"]
[Round "1"]
[White "Buiza Prieto, Aizbeltz"]
[Black "Del Rio de Angelis, Salvador Gabriel"]
[Result "1-0"]
[WhiteElo "1991"]
[BlackElo "2512"]
[PlyCount "58"]
[EventDate "2015.10.26"]
[EventType "swiss"]
[EventRounds "9"]
[EventCountry "ESP"]
[SourceTitle "CBM 169 Extra"]
[Source "ChessBase"]
[SourceDate "2015.12.18"]
[SourceVersion "1"]
[SourceVersionDate "2015.12.18"]
[SourceQuality "1"]

1. e4 e6 2. d4 c5 3. d5 exd5 4. exd5 d6 5. Nc3 Nf6 6. Nf3 Be7 7. Bb5+ Nbd7 8. a4 a6 9. Bd3 Nb6 10. Be2 0-0 11. 0-0 Bg4 12. Re1 Re8 13. h3 Bh5 14. Bf4 Bf8 15. b3 Qd7 16. a5 Qf5 17. axb6 Bxf3 18. Bxf3 Qxf4 19. Ra4 Rxe1+ 20. Qxe1 Re8 21. Rxf4 Rxe1+ 22. Kh2 Rc1 23. Rxf6 gxf6 24. Be4 Be7 25. Na4 c4 26. bxc4 Ra1 27. c5 Rxa4 28. c6 bxc6 29. dxc6 Bd8 1-0

[Event "Benidorm op U2000 12th"]
[Site "Benidorm"]
[Date "2013.12.03"]
[Round "6"]
[White "Buiza Prieto, Aizbeltz"]
[Black "Trabazos Gallego, Javier"]
[Result "1-0"]
[WhiteElo "1996"]
[BlackElo "1881"]
[PlyCount "51"]
[EventDate "2013.11.29"]
[EventType "swiss"]
[EventRounds "10"]
[EventCountry "ESP"]
[SourceTitle "CBM 157 Extra"]
[Source "ChessBase"]
[SourceDate "2013.12.19"]
[SourceVersion "1"]
[SourceVersionDate "2013.12.19"]
[SourceQuality "1"]

1. e4 d5 2. exd5 Nf6 3. d4 Nxd5 4. Nf3 g6 5. c4 Nb6 6. Nc3 Bg7 7. c5 Nd5 8. Bc4 Nxc3 9. bxc3 0-0 10. 0-0 Bg4 11. h3 Bf5 12. Re1 Nc6 13. Bg5 h6 14. Bf4 Kh7 15. Nh4 Bc8 16. Nf3 Na5 17. Bd3 b6 18. cxb6 cxb6 19. Qe2 e6 20. Ne5 Bb7 21. Qg4 Qe8 22. Nxg6 Rg8 23. Ne7+ Kh8 24. Nxg8 Qxg8 25. Qh5 Bf8 26. Be5+ 1-0

[Event "Benidorm op U2000 12th"]
[Site "Benidorm"]
[Date "2013.12.01"]
[Round "4"]
[White "Buiza Prieto, Aizbeltz"]
[Black "Wlogalski, Olivier"]
[Result "0-1"]
[WhiteElo "1996"]
[BlackElo "1921"]
[PlyCount "54"]
[EventDate "2013.11.29"]
[EventType "swiss"]
[EventRounds "10"]
[EventCountry "ESP"]
[SourceTitle "CBM 157 Extra"]
[Source "ChessBase"]
[SourceDate "2013.12.19"]
[SourceVersion "1"]
[SourceVersionDate "2013.12.19"]
[SourceQuality "1"]

1. e4 d5 2. exd5 Qxd5 3. Nc3 Qa5 4. d4 c6 5. Bc4 Nf6 6. Nf3 Bf5 7. Bd2 Qc7 8. Ne5 e6 9. g4 Bg6 10. h4 Nbd7 11. Bf4 Nxe5 12. Bxe5 Qa5 13. Bxf6 gxf6 14. Qf3 0-0-0 15. 0-0-0 h5 16. Qxf6 Bb4 17. Bxe6+ fxe6 18. Qxe6+ Kb8 19. Qxg6 Bxc3 20. bxc3 Qxc3 21. Qd3 Qa1+ 22. Kd2 Qxa2 23. g5 Rhf8 24. Ra1 Qd5 25. Kc3 Rf3 26. Kd2 Rff8 27. Qg3+ Ka8 0-1

[Event "ESP-chT U16 4th"]
[Site "Benidorm"]
[Date "2011.12.09"]
[Round "4.2"]
[White "Sanchez Garcia, Julio"]
[Black "Buiza Prieto, Aizbeltz"]
[Result "0-1"]
[WhiteElo "2070"]
[BlackElo "1936"]
[PlyCount "84"]
[EventDate "2011.12.07"]
[EventType "team"]
[EventRounds "6"]
[EventCountry "ESP"]
[SourceTitle "EXT 2015"]
[Source "ChessBase"]
[SourceDate "2014.11.20"]
[SourceVersion "1"]
[SourceVersionDate "2014.11.20"]
[SourceQuality "1"]
[WhiteTeam "Balanguera (U16)"]
[BlackTeam "Solvay (U16)"]
[WhiteTeamCountry "ESP"]
[BlackTeamCountry "ESP"]

1. d4 d5 2. c4 e6 3. Nc3 Be7 4. Nf3 Nf6 5. Bg5 0-0 6. e3 h6 7. Bh4 Ne4 8. Bxe7 Qxe7 9. Bd3 Nxc3 10. bxc3 dxc4 11. Bxc4 Nd7 12. 0-0 b6 13. e4 Bb7 14. Re1 c5 15. d5 e5 16. a4 Qd6 17. Qd3 Rfc8 18. Nh4 g6 19. Re3 a6 20. Rf1 b5 21. axb5 axb5 22. Bxb5 Ba6 23. Bxa6 Rxa6 24. c4 Rb8 25. Qe2 Rb4 26. f4 Raa4 27. f5 g5 28. f6 gxh4 29. Qh5 Kf8 30. Qxh4 Ke8 31. Qxh6 Rxc4 32. Qh7 Nf8 33. Qf5 Kd8 34. h4 Kc7 35. Qh5 Ng6 36. Qh7 Qd7 37. h5 Nf4 38. Rf2 Rc1+ 39. Kh2 Raa1 40. Kg3 Rh1 41. Rxf4 exf4+ 42. Kxf4 Rh4+ 0-1

[Event "San Sebastian op 34th"]
[Site "San Sebastian"]
[Date "2011.04.23"]
[Round "9"]
[White "Bottema, Martin"]
[Black "Buiza Prieto, Aizbeltz"]
[Result "1-0"]
[WhiteElo "2074"]
[BlackElo "1905"]
[PlyCount "47"]
[EventDate "2011.04.16"]
[EventType "swiss"]
[EventRounds "9"]
[EventCountry "ESP"]
[SourceTitle "CBM 141 Extra"]
[Source "ChessBase"]
[SourceDate "2011.05.03"]
[SourceVersion "1"]
[SourceVersionDate "2011.05.03"]
[SourceQuality "1"]

1. c4 f5 2. Nf3 Nf6 3. g3 g6 4. Bg2 Bg7 5. d4 d6 6. 0-0 0-0 7. Nc3 Nc6 8. d5 Ne5 9. Qb3 Nxf3+ 10. Bxf3 Nd7 11. Bg2 Ne5 12. h3 b6 13. Be3 Ba6 14. Nb5 Bb7 15. Nd4 Bc8 16. Ne6 Bxe6 17. dxe6 b5 18. cxb5 d5 19. Bxd5 c6 20. Bxc6 Nxc6 21. bxc6 Rb8 22. Qc4 Be5 23. Rfd1 Qc7 24. Rd7 1-0

[Event "San Sebastian op 34th"]
[Site "San Sebastian"]
[Date "2011.04.21"]
[Round "7"]
[White "Gorshkova, Irina"]
[Black "Buiza Prieto, Aizbeltz"]
[Result "1/2-1/2"]
[WhiteElo "2166"]
[BlackElo "1905"]
[PlyCount "29"]
[EventDate "2011.04.16"]
[EventType "swiss"]
[EventRounds "9"]
[EventCountry "ESP"]
[SourceTitle "CBM 141 Extra"]
[Source "ChessBase"]
[SourceDate "2011.05.03"]
[SourceVersion "1"]
[SourceVersionDate "2011.05.03"]
[SourceQuality "1"]

1. e4 c5 2. c3 Nc6 3. d4 d5 4. exd5 Qxd5 5. Nf3 Bg4 6. Be2 cxd4 7. cxd4 e6 8. Nc3 Qa5 9. 0-0 Nf6 10. h3 Bh5 11. a3 Be7 12. Be3 0-0 13. b4 Qc7 14. Rc1 Qd7 15. Qd2 1/2-1/2

[Event "San Sebastian op 34th"]
[Site "San Sebastian"]
[Date "2011.04.18"]
[Round "3"]
[White "Navarrete Espi, Samuel"]
[Black "Buiza Prieto, Aizbeltz"]
[Result "1-0"]
[WhiteElo "2127"]
[BlackElo "1905"]
[PlyCount "111"]
[EventDate "2011.04.16"]
[EventType "swiss"]
[EventRounds "9"]
[EventCountry "ESP"]
[SourceTitle "CBM 141 Extra"]
[Source "ChessBase"]
[SourceDate "2011.05.03"]
[SourceVersion "1"]
[SourceVersionDate "2011.05.03"]
[SourceQuality "1"]

1. e4 c5 2. Nf3 e6 3. d4 cxd4 4. Nxd4 Nf6 5. Nc3 Nc6 6. Ndb5 d6 7. Bf4 e5 8. Bg5 a6 9. Na3 b5 10. Nd5 Be7 11. Bxf6 Bxf6 12. c4 b4 13. Nc2 0-0 14. g3 Bg5 15. Bg2 Qa5 16. b3 Qc5 17. Qh5 Bd8 18. 0-0 Be6 19. Rfd1 Rb8 20. Nce3 Nd4 21. Nf5 g6 22. Nde7+ Bxe7 23. Nxe7+ Kg7 24. Qh4 f6 25. Rd2 Rb7 26. Nd5 Bxd5 27. exd5 a5 28. Qe4 Ra7 29. Qd3 a4 30. Rb1 Rfa8 31. h4 axb3 32. axb3 Ra1 33. Rxa1 Rxa1+ 34. Kh2 Ra3 35. Rb2 Qa5 36. f4 Qa7 37. fxe5 fxe5 38. Qe3 h6 39. h5 Nf5 40. Qxa7+ Rxa7 41. Be4 Nd4 42. hxg6 Ra3 43. Rf2 Ra7 44. Rb2 Ra8 45. Kh3 Rf8 46. Kg4 Rf6 47. Ra2 Nxb3 48. Ra7+ Kg8 49. Kh5 Nc5 50. Bb1 Rf1 51. Ra8+ Kg7 52. Ra7+ Kg8 53. g7 Rf7 54. Rxf7 Kxf7 55. Kxh6 Nd7 56. Bg6+ 1-0

[Event "ESP-chT U16"]
[Site "Benidorm"]
[Date "2010.12.05"]
[Round "2"]
[White "Buiza Prieto, Aizbeltz"]
[Black "Navarro Lopez Menchero, Daniel"]
[Result "1-0"]
[WhiteElo "1866"]
[BlackElo "2112"]
[PlyCount "37"]
[EventDate "2010.12.04"]
[EventType "team"]
[EventRounds "6"]
[EventCountry "ESP"]
[SourceTitle "EXT 2014"]
[Source "ChessBase"]
[SourceDate "2013.11.20"]
[SourceVersion "1"]
[SourceVersionDate "2013.11.20"]
[SourceQuality "1"]

1. e4 c5 2. Nf3 e6 3. d4 cxd4 4. Nxd4 a6 5. Be2 Qc7 6. 0-0 b5 7. Bf3 Bb7 8. Nc3 Nc6 9. Nxc6 dxc6 10. Qe2 Bd6 11. g3 Ne7 12. Bg2 e5 13. Be3 0-0 14. f4 b4 15. Na4 a5 16. Qf2 Ba6 17. Rfd1 Nc8 18. Bh3 Rb8 19. fxe5 1-0

[Event "San Sebastian op 33rd"]
[Site "San Sebastian"]
[Date "2010.03.29"]
[Round "2"]
[White "Buiza Prieto, Aizbeltz"]
[Black "Irulegi Garmendia, Jose Antonio"]
[Result "1-0"]
[WhiteElo "1812"]
[BlackElo "1503"]
[PlyCount "71"]
[EventDate "2010.03.28"]
[EventType "swiss"]
[EventRounds "9"]
[EventCountry "ESP"]
[SourceTitle "CBM 135 Extra"]
[Source "ChessBase"]
[SourceDate "2010.05.04"]
[SourceVersion "1"]
[SourceVersionDate "2010.05.04"]
[SourceQuality "1"]

1. c3 Nf6 2. f4 c6 3. g3 d5 4. d3 Bf5 5. Bg2 Nbd7 6. Nf3 Qc7 7. Nh4 Bg4 8. Be3 e5 9. h3 Bh5 10. g4 exf4 11. Bf2 Bg6 12. Nd2 0-0-0 13. a4 Re8 14. 0-0 h5 15. g5 Nh7 16. Nxg6 fxg6 17. h4 Bd6 18. Nf3 Nhf8 19. a5 Ne6 20. Bxa7 Bc5+ 21. Bxc5 Ndxc5 22. b4 Na6 23. Qd2 Rhf8 24. Rfb1 b5 25. axb6 Qxb6+ 26. d4 Nec7 27. Ne5 Qb5 28. Bh3+ Kd8 29. Ra5 Qb7 30. Qd3 Nb5 31. Qxg6 Rxe5 32. dxe5 Nxc3 33. Qd6+ Ke8 34. Rxa6 Nxb1 35. Ra8+ Kf7 36. Qe6# 1-0

[Event "Erandio op 18th"]
[Site "Erandio"]
[Date "2009.12.26"]
[Round "8"]
[White "Limeres Guiance, Cristobal"]
[Black "Buiza Prieto, Aizbeltz"]
[Result "1-0"]
[WhiteElo "2250"]
[BlackElo "1788"]
[PlyCount "63"]
[EventDate "2009.12.19"]
[EventType "swiss"]
[EventRounds "9"]
[EventCountry "ESP"]
[SourceTitle "CBM 133 Extra"]
[Source "ChessBase"]
[SourceDate "2010.01.05"]
[SourceVersion "1"]
[SourceVersionDate "2010.01.05"]
[SourceQuality "1"]

1. d4 f5 2. g3 g6 3. Bg2 Bg7 4. Nh3 Nf6 5. Nf4 c6 6. c4 Qb6 7. Nc3 d6 8. 0-0 e5 9. c5 Qd8 10. dxe5 dxe5 11. Qxd8+ Kxd8 12. Nd3 e4 13. Ne5 Be6 14. Rd1+ Ke7 15. Be3 Nd5 16. Bd4 Bf6 17. f3 exf3 18. exf3 Na6 19. Nxd5+ Bxd5 20. Re1 Be6 21. f4 Nb4 22. Re2 Rhd8 23. Bc3 Bxe5 24. Bxe5 Kf7 25. Bd6 Re8 26. a3 Nd3 27. Rd2 Bc4 28. Bf1 Re3 29. Rad1 Rae8 30. Bxd3 Re1+ 31. Kf2 Rxd1 32. Bxc4+ 1-0

[Event "Euskadi-ch U16"]
[Site "Eibar"]
[Date "2009.04.18"]
[Round "6"]
[White "Buiza Prieto, Aizbeltz"]
[Black "Garro Beraza, Julen"]
[Result "1/2-1/2"]
[WhiteElo "1791"]
[BlackElo "1771"]
[PlyCount "72"]
[EventDate "2009.04.15"]
[EventType "swiss"]
[EventRounds "6"]
[EventCountry "ESP"]
[SourceTitle "EXT 2024"]
[Source "ChessBase"]
[SourceDate "2023.10.10"]
[SourceVersion "1"]
[SourceVersionDate "2023.10.10"]
[SourceQuality "1"]

1. e4 c5 2. Nf3 d6 3. d4 cxd4 4. Nxd4 Nf6 5. Nc3 a6 6. Bg5 e6 7. f4 Qb6 8. Qd2 Nc6 9. Nxc6 Qxc6 10. Bd3 b5 11. 0-0 b4 12. Bxf6 gxf6 13. Ne2 Qc5+ 14. Kh1 Bb7 15. f5 e5 16. a3 bxa3 17. Rxa3 h5 18. Rfa1 Bh6 19. Qc3 Ke7 20. Qxc5 dxc5 21. Nc3 Bd2 22. Bxa6 Bxc3 23. Bxb7 Rxa3 24. Rxa3 Rd8 25. Bd5 Bxb2 26. Ra7+ Rd7 27. Rxd7+ Kxd7 28. g3 Ke7 29. Kg2 Bc1 30. Bc4 Kf8 31. Be2 h4 32. gxh4 Kg7 33. Kf2 Bf4 34. h3 Bd2 35. Bh5 Bf4 36. Kf3 Kf8 1/2-1/2

[Event "Erandio op 17th"]
[Site "Erandio"]
[Date "2008.12.23"]
[Round "6"]
[White "Resano Lopez, Francisco"]
[Black "Buiza Prieto, Aizbeltz"]
[Result "1/2-1/2"]
[WhiteElo "2086"]
[BlackElo "1752"]
[PlyCount "59"]
[EventDate "2008.12.20"]
[EventType "swiss"]
[EventRounds "9"]
[EventCountry "ESP"]
[SourceTitle "EXT 2024"]
[Source "ChessBase"]
[SourceDate "2023.10.10"]
[SourceVersion "1"]
[SourceVersionDate "2023.10.10"]
[SourceQuality "1"]

1. Nf3 f5 2. d3 g6 3. e4 d6 4. Nc3 Bg7 5. d4 fxe4 6. Nxe4 Bg4 7. h3 Bf5 8. Bd3 Nc6 9. Neg5 Qd7 10. c3 Nf6 11. Bxf5 gxf5 12. Qb3 d5 13. Ne5 Nxe5 14. dxe5 Ne4 15. Nf3 c6 16. Be3 e6 17. c4 Qc7 18. 0-0 0-0 19. cxd5 cxd5 20. Rac1 Qb8 21. Nd4 f4 22. Nxe6 fxe3 23. Qxd5 exf2+ 24. Rxf2 Rxf2 25. Ng5+ Kh8 26. Qxe4 Qg8 27. Kxf2 Bh6 28. h4 Bxg5 29. hxg5 Qxg5 30. Rc7 1/2-1/2

[Event "ESP-ch U14"]
[Site "Padron"]
[Date "2008.07.16"]
[Round "6"]
[White "Castillo Sanjuan, Daniel"]
[Black "Buiza Prieto, Aizbeltz"]
[Result "1-0"]
[WhiteElo "1911"]
[BlackElo "1754"]
[PlyCount "73"]
[EventDate "2008.07.13"]
[EventType "swiss"]
[EventRounds "9"]
[EventCountry "ESP"]
[SourceTitle "CBM 125 Extra"]
[Source "ChessBase"]
[SourceDate "2008.09.01"]
[SourceVersion "1"]
[SourceVersionDate "2008.09.01"]
[SourceQuality "1"]

1. e4 c5 2. Nf3 Nc6 3. d4 cxd4 4. Nxd4 Nf6 5. Nc3 e6 6. Ndb5 Bb4 7. a3 Bxc3+ 8. Nxc3 d5 9. exd5 exd5 10. Bd3 0-0 11. 0-0 d4 12. Ne4 Bf5 13. Bg5 Bxe4 14. Bxe4 Qd6 15. Bf3 Ne5 16. Bf4 Nxf3+ 17. Qxf3 Qb6 18. b3 Rac8 19. Rac1 Rc3 20. Qd1 Rfc8 21. Re1 d3 22. cxd3 Rxc1 23. Bxc1 Rc3 24. Bb2 Rxb3 25. Bxf6 gxf6 26. Re8+ Kg7 27. Qg4+ Kh6 28. Qh4+ Kg7 29. Qg4+ Kh6 30. Qf4+ Kg7 31. h4 Rxd3 32. h5 Rd1+ 33. Kh2 Qd6 34. h6+ Kg6 35. Rg8+ Kh5 36. g4+ Kh4 37. Qg3+ 1-0

[Event "ESP-chT U14"]
[Site "Aviles"]
[Date "2008.06.25"]
[Round "1.1"]
[White "Santos Latasa, Jaime"]
[Black "Buiza Prieto, Aizbeltz"]
[Result "1-0"]
[WhiteElo "2017"]
[BlackElo "1754"]
[PlyCount "135"]
[EventDate "2008.06.25"]
[EventType "team-swiss"]
[EventRounds "6"]
[EventCountry "ESP"]
[SourceTitle "EXT 2010"]
[Source "ChessBase"]
[SourceDate "2010.11.25"]
[SourceVersion "1"]
[SourceVersionDate "2010.11.25"]
[SourceQuality "1"]

1. e4 c5 2. Nf3 Nc6 3. d4 cxd4 4. Nxd4 Nf6 5. Nc3 e6 6. Bg5 Bb4 7. Qd3 Qa5 8. Bxf6 gxf6 9. Ndb5 Ne5 10. Qd4 a6 11. Nc7+ Qxc7 12. Qxb4 b5 13. Qd4 Bb7 14. 0-0-0 Rc8 15. f4 Ng6 16. g3 0-0 17. Bd3 e5 18. fxe5 fxe5 19. Qe3 Qc5 20. Qh6 b4 21. Na4 Qa5 22. h4 Qxa4 23. h5 Qc6 24. hxg6 Qxg6 25. Qe3 Rc6 26. Rh4 Kg7 27. Be2 Rfc8 28. Rg4 Rxc2+ 29. Kb1 Qxg4 30. Bxg4 Rg2 31. Rc1 Rxg3 32. Qg5+ Kf8 33. Rxc8+ Bxc8 34. Qf5 Bb7 35. Bh5 Rg7 36. Qxe5 Bc6 37. Qf6 Bxe4+ 38. Kc1 Rg1+ 39. Kd2 Rg2+ 40. Ke3 Bg6 41. Qd6+ Kg8 42. Bxg6 hxg6 43. Qxb4 g5 44. Qb8+ Kg7 45. Qe5+ Kh6 46. Qf6+ Kh5 47. Qxf7+ Kh4 48. b4 g4 49. Qf6+ Kh3 50. a4 Rg3+ 51. Kf2 Rg2+ 52. Kf1 Ra2 53. Qh8+ Kg3 54. Qc3+ Kh2 55. b5 axb5 56. axb5 Ra8 57. Qe5+ Kh3 58. b6 d6 59. Qc3+ g3 60. b7 Rf8+ 61. Kg1 Rf2 62. Qc8+ Kh4 63. b8Q d5 64. Qh8+ Kg4 65. Qhg8+ Kf3 66. Qgxg3+ Ke4 67. Kxf2 d4 68. Qf3# 1-0

[Event "ESP-ch U12"]
[Site "Linares"]
[Date "2007.07.08"]
[Round "2"]
[White "Rojano Alfonso, Carlos"]
[Black "Buiza Prieto, Aizbeltz"]
[Result "0-1"]
[WhiteElo "1673"]
[BlackElo "1407"]
[PlyCount "68"]
[EventDate "2007.07.08"]
[EventType "swiss"]
[EventRounds "9"]
[EventCountry "ESP"]
[SourceTitle "EXT 2008"]
[Source "ChessBase"]
[SourceDate "2007.11.25"]
[SourceVersion "1"]
[SourceVersionDate "2007.11.25"]
[SourceQuality "1"]

1. e4 c5 2. Nf3 Nc6 3. d4 cxd4 4. Nxd4 Nf6 5. Nc3 e6 6. Nxc6 bxc6 7. Bg5 Bb4 8. e5 Qa5 9. Qd4 Bxc3+ 10. bxc3 Ne4 11. Bd2 Nxd2 12. Qxd2 Qxe5+ 13. Be2 Ba6 14. Kd1 Bxe2+ 15. Qxe2 Qxc3 16. Rb1 0-0 17. Rf1 Rfb8 18. Rb3 Rxb3 19. axb3 a5 20. Qe4 a4 21. bxa4 Qa1+ 22. Ke2 Qxa4 23. Qxa4 Rxa4 24. Rb1 h6 25. Rb8+ Kh7 26. Rb7 Rd4 27. c3 Rd5 28. c4 Rd6 29. Ke3 Kg6 30. Ke4 Kf6 31. f4 Ke7 32. g4 c5 33. h4 Rd4+ 34. Ke5 f6# 0-1